| 000 | 00652nam a22002417a 4500 | ||
|---|---|---|---|
| 003 | OSt | ||
| 005 | 20231206155254.0 | ||
| 008 | 231205b |||||||| |||| 00| 0 eng d | ||
| 020 | _a9789352828531 | ||
| 040 | _cSTCPL | ||
| 041 | _aMAL | ||
| 082 |
_a920.71 _bJOS-A |
||
| 100 |
_aJoseph, T. J. _qടി. ജെ. ജോസഫ് |
||
| 245 |
_aAttupokatha Ormakal / _cby T. J. Joseph _hഅറ്റുപോകാത്ത ഓർമ്മകൾ / |
||
| 250 | _a14th ed. | ||
| 260 |
_aKottayam : _bD C Books , _c2023 |
||
| 300 |
_a431 p. _bPB |
||
| 650 | _aMalyalam | ||
| 650 | _aAutobiography | ||
| 942 | _cBK | ||
| 942 | _2ddc | ||
| 942 |
_2ddc _n0 |
||
| 999 |
_c81140 _d81140 |
||